| 000 | 02779nam a2200277 4500 | ||
|---|---|---|---|
| 001 | ESSALUD | ||
| 005 | 20260701102548.0 | ||
| 007 | ta | ||
| 008 | t pe ||||| |||| 00| 0 spa d | ||
| 040 | _aBMG | ||
| 041 | _aspa | ||
| 100 |
_aValderrama Chevarría, José Guillermo _eAutor _947323 |
||
| 245 |
_a¿Es válido y obligatorio que el notario solicite la obtención del certificado médico para la formalización de actos y contratos? _bCuando el Derecho Médico y el Derecho Civil se unen y brindan una adecuada e idónea respuesta |
||
| 246 |
_aIs it valid and mandatory for a notary public to require a medical certificate for the execution of legal acts and contracts? _bWhen Medical Law and Civil Law converge to provide a proper and suitable response |
||
| 300 | _apáginas 219-228 | ||
| 520 | _aActualmente, cuando una persona adulto mayor se apersona a una notaría, en muchas ocasiones no pude concluir, ni iniciar el acto y/o contrato que contiene la transmisión de sus derechos patrimoniales, por requerírsele la obtención y tramitación del certificado médico de salud mental. El autor se pregunta si es válida esta exigencia. Así, refiere que, al momento de solicitar el certificado médico, el notario no restringe el derecho de libre contratación, sino que más bien resguarda dicha voluntad, con un recaudo técnico que acredita que la persona solicitante ejerce su manifestación de voluntad plena y sin restricciones en resguardo de la fe pública. Por ello, considera que es válida la exigencia del mencionado certificado médico. | ||
| 520 | _aCurrently, when an elderly person appears before a notary, they are frequently unable to initiate or conclude acts and/or contracts involving the transfer of property rights due to the requirement to obtain a mental health certificate. The author questions the validity of this mandate. He posits that by requesting this medical certificate, the notary does not infringe upon the freedom of contract, but rather safeguards the declarant's intent through a technical document. This document verifies that the applicant is exercising their manifestation of willfully and without restriction, thereby upholding public trust (fides publica). Consequently, the author maintains that the requirement for said medical certificate is legally valid. | ||
| 650 |
_aCERTIFICADO MÉDICO DE SALUD MENTAL _952985 |
||
| 650 |
_aADULTOS MAYORES _932727 |
||
| 650 |
_aFE PÚBLICA NOTARIAL _952986 |
||
| 650 |
_aOLDER ADULTS _953034 |
||
| 650 |
_aMEDICAL CERTIFICATE OF MENTOL HEALTH _953035 |
||
| 650 |
_aNOTORIAL PUBLIC TRUST _952989 |
||
| 773 | 0 |
_022573 _922620 _dLima Grupo Praxis Formación Profesional, 2026- _oPRA001 _tPraxis Civil & Procesal Civil _wESSALUD _x3119-7671 |
|
| 942 |
_cARTICULOS _e2026-06-30 _zsqb |
||
| 999 |
_c22583 _d22583 |
||